Selections from Poems of Khush Hal Khan Khattak (Record no. 274976)

000 -LEADER
fixed length control field 00250 a2200097 4500
001 - CONTROL NUMBER
control field 39903
090 ## - LOCALLY ASSIGNED LC-TYPE CALL NUMBER (OCLC); LOCAL CALL NUMBER (RLIN)
-- 24898
-- 24898
100 ## - MAIN ENTRY--PERSONAL NAME
Personal name Biddulph C E
245 ## - TITLE STATEMENT
Title Selections from Poems of Khush Hal Khan Khattak
260 ## - PUBLICATION, DISTRIBUTION, ETC.
Place of publication, distribution, etc. Peshawar
Name of publisher, distributor, etc. Saeed Book Bank
Date of publication, distribution, etc. 1983
942 ## - ADDED ENTRY ELEMENTS (KOHA)
Institution code [OBSOLETE] NUST-CAE
Koha item type
--
Holdings
Withdrawn status Lost status Damaged status Not for loan Collection code Permanent Location Current Location Date acquired Total Checkouts Barcode Date last seen Price effective from Koha item type
          College of Aeronautical Engineering (CAE) College of Aeronautical Engineering (CAE) 04/03/2017   CAE61311 04/05/2017 04/05/2017 Book
© 2023 Central Library, National University of Sciences and Technology. All Rights Reserved.